Olasz mezőgazdászok Csongrád megyében Fogadás a TESZÖV-nél : Tapasztalatcsere
Elmentve itt :
| Dokumentumtípus: | Cikk |
|---|---|
| Megjelent: |
1983-10-19
|
| Sorozat: | Délmagyarország
73 No. 247 |
| Kulcsszavak: | Teszöv, mezőgazdaság |
| Online Access: | http://dmarchiv.bibl.u-szeged.hu/107817 |
| LEADER | 00468nab a2200145 i 4500 | ||
|---|---|---|---|
| 001 | delm107817 | ||
| 005 | 20190626094435.0 | ||
| 008 | 190626s1983 hu o 0|| hun d | ||
| 040 | |a SZTE Délmagyarország Archívum |b hun | ||
| 041 | |a hun | ||
| 245 | 0 | 0 | |a Olasz mezőgazdászok Csongrád megyében |h [elektronikus dokumentum] : |b Fogadás a TESZÖV-nél : Tapasztalatcsere |
| 260 | |c 1983-10-19 | ||
| 300 | |a 3 | ||
| 490 | 0 | |a Délmagyarország |v 73 No. 247 | |
| 695 | |a Teszöv, mezőgazdaság | ||